Statistics for 7/26 Countries that start with G

Click here to take the quiz!

General Stats

  • This quiz has been taken 208 times
    (201 since last reset)
  • The average score is 9 of 11

Answer Stats

Answer% Correct
Guinea
89%
Germany
88%
Gabon
87%
Gambia
85%
Ghana
84%
Guyana
81%
Greece
78%
Guatemala
77%
Guinea-Bissau
75%
Grenada
74%
Georgia
66%

Score Distribution

Percentile by Number Answered

Percent of People with Each Score

Your Score History

You have not taken this quiz since the last reset